| 000 | 00749nam a22001937a 4500 | ||
|---|---|---|---|
| 005 | 20180712183949.0 | ||
| 010 | _aB-168212 | ||
| 020 |
_a8187671394 _c250.00 |
||
| 035 | _aB-168212 | ||
| 037 | _bWestland books pvt. ltd. | ||
| 082 | _aS | ||
| 100 | _a Canfield, Jack | ||
| 245 |
_aChiken soup to inspire a woman's soul: _bstories celebration the wisdom, fun and freedom of midlife _cjack canfield, Mark Victor Handen[and] Stephanie Maston |
||
| 260 |
_aChennai _bWestland books pvt. ltd. _c2004 |
||
| 270 |
_a571, P.H. Road, Aminikarai, Chennai-600029 _bChennai _e600029 |
||
| 300 |
_a350p. _c22cm()pb |
||
| 942 |
_2ddc _cEN _hS _mCAN |
||
| 999 |
_c153942 _d153942 |
||